Cartes de base de Terraforming Mars - Statistiques

Statistiques générales
  • Ce quiz a été pris 18 fois
  • Le résultat moyen est 76 sur 208
Statistiques - réponses
Réponse % Correct
Mine
100%
Animaux domestiques
91%
Astéroïde
91%
Colonie de Ganymède
91%
Insectes
91%
Oiseaux
91%
Zone interdite
91%
Astéroïde de glace
82%
Capitale
82%
IA centrale
82%
Mine à ciel ouvert
82%
Arbres
73%
Astéroïde riche en azote
73%
Astéroïdes miniers
73%
Bétail
73%
Catapulte terrestre
73%
Herbe
73%
Importation de GES
73%
Méthane de Titan
73%
Mine de titane
73%
Projet favori du PDG
73%
Terraformation de Ganymède
73%
Astéroïde de glace géant
64%
Carrière
64%
Cartel
64%
Centrale
64%
Chantier de Vesta
64%
Cité des immigrants
64%
Consortium minier
64%
Fleuves de lave
64%
Industries minières sur Io
64%
Lichen
64%
Mousses
64%
Noctis Ville
64%
Petits animaux
64%
Plantation
64%
Poisson
64%
Poste de recherche
64%
Soletta
64%
Technologie anti-gravité
64%
Ville ouverte
64%
Zone de mohole
64%
Agriculture
55%
Agriculture dans la toundra
55%
Algues
55%
Bruyère
55%
Buissons
55%
Bureau sur Terre
55%
Centre de développement
55%
Comète
55%
Complexe de Miranda
55%
Consortium du grand escarpement
55%
Cratère Couvert
55%
Culture du Varech
55%
Droits miniers
55%
Explosions souterraines
55%
Fourmis
55%
Habitats protégés
55%
Importation d'eau d'Europe
55%
Lac Marineris
55%
Pénitencier minier de Callisto
55%
Prédateurs
55%
Recherche
55%
Vallée protégée
55%
Zone écologique
55%
Zone nucléaire
55%
Achat d'une société
45%
Agents de décomposition
45%
Azote importé
45%
Bactéries dénitrifiantes
45%
Bastion de la corpo.
45%
Camp d'entraînement
45%
Catapulte électromagnétique
45%
Cité de la coupole
45%
Cité souterraine
45%
Générateur à thorium
45%
Herbivores
45%
Joints anti-poussière
45%
Lac artificiel
45%
Lichens acclimatés
45%
Mangrove
45%
Masques respiratoires
45%
Micro-girouettes
45%
Mousses nitrophiles
45%
Navettes
45%
Pièges à chaleur
45%
Refuge spatial de Phobos
45%
Sabotage
45%
Sponsors
45%
Vers
45%
Zone urbanisée
45%
Ascenseur spatial
36%
Astéroïde géant
36%
Complexe physique
36%
Convoi depuis Europe
36%
Destruction de Deimos
36%
Energie nucléaire
36%
Ferme de Noctis
36%
Grand barrage
36%
Grand convoi
36%
Groupe média
36%
Isolation
36%
Microorganismes optimisés
36%
Navettes d'Immigration
36%
Poussière noire polaire
36%
Réserve du chasma d'Eos
36%
Station spatiale
36%
Traces de vie
36%
Algue Arctique
27%
Alliages avancés
27%
Améliorateurs de virus
27%
Archéobactéries
27%
Braqueurs mercenaires
27%
Carbonatation
27%
Centrale au peroxyde
27%
Centre industriel
27%
Convertisseur de masse
27%
Ecosystèmes avancés
27%
Energie géothermique
27%
Eoliennes
27%
Extracteur quantique
27%
Hydrogène importé
27%
Industries de construction
27%
Libération de gaz inertes
27%
Médiathèque
27%
Microbes industriels
27%
Miroir spatial géant
27%
Miroirs spatiaux
27%
Pompage de l'aquifère
27%
Quartier commercial
27%
Régolithophages
27%
Réseau électrique
27%
Satellites
27%
Serres
27%
Station de péage
27%
Tardigrades
27%
Technologie standard
27%
Usine électrolytique
27%
Virus
27%
Aciéries
18%
Bactéries productrices de GES
18%
Bulle tropicale
18%
Consortium pour l'énergie
18%
Contacts professionnels
18%
Dépôt de minerai
18%
Energie solaire
18%
Extraction du pergélisol
18%
Flotte de sûreté
18%
Guilde des inventeurs
18%
Importation de GES avancés
18%
Inondation
18%
Laboratoire médical
18%
Moisissures symbiotiques
18%
Photosynthèse artificielle
18%
Pirate informatique
18%
Remorquage de comète
18%
Réservoir souterrain
18%
Université de Mars
18%
Usine de carburant
18%
Colonie interstellaire
9%
Comité corrompu
9%
Conception spéciale
9%
Conférence d'Olympus
9%
Construction d'un rover
9%
Démonstration technologique
9%
Dôme de champ magnétique
9%
Economies d'énergie
9%
Energie des vents solaires
9%
Energie marémotrice
9%
Expédition minière
9%
Freinage aérodynamique
9%
Fusion de la calotte glaciaire
9%
Générateurs de champ magnétique
9%
Groupes électrogènes
9%
Infrastructure électrique
9%
Moisissures extrêmes
9%
Ouvriers en contrat d'apprentissage
9%
Préservation de la nature
9%
Réseau ferré martien
9%
Revendication du terrain
9%
Sonde trans-neptunienne
9%
Technologie d'adaptation
9%
Transformateur de minerai
9%
Usine des sols
9%
Usine radio-chimique
9%
Usines de GES
9%
Vol d'énergie
9%
Zeppelins
9%
Astéroïde d'ammoniaque
0%
Chauffage géothermique
0%
Combinaison anti-radiation
0%
Combustion de biomasse
0%
Concours d'inventions
0%
Energie de fusion
0%
Energie tectonique
0%
Ensemencement de nuages
0%
Faisceau lunaire
0%
Magnétisation équatoriale
0%
Main d'œuvre robotique
0%
Observatoire Lagrange
0%
Prêt d'investissement
0%
Récolte de la foudre
0%
Réparation génétique
0%
Réseau professionnel
0%
Unité de veille
0%
Usine alimentaire
0%
Usine sidérurgique
0%
Aucun quiz correspondant
Distribution des résultats
% des personnes avec chaque résultat
Percentile par nombre de réponses
Votre historique - résultats
Vous n’avez pas pris ce quiz